| 000 | 00527nam a22001817a 4500 | ||
|---|---|---|---|
| 090 | _c | ||
| 008 | 090203t xxu||||| |||| 00| 0 eng d | ||
| 020 | _a9780132048774 | ||
| 082 |
_222 _a006.7 _bCLY |
||
| 100 |
_91980 _aClymo, Rob. |
||
| 245 |
_aBrilliant create your own website / _cRob Clymo. |
||
| 246 | _aCreate your own website | ||
| 260 |
_aHarlow : _bPearson Prentice Hall, _cc2007. |
||
| 300 |
_axii, 215 p. : _bill. ; _c24 cm. |
||
| 490 | _aBrilliant guides | ||
| 650 |
_91982 _aWeb sites _vDesign. |
||
| 942 |
_2ddc _cBB |
||
| 999 |
_c10629 _d10629 |
||